Sanat - "Sika" - Statistics

Yleistilastot
  • Tätä visaa on pelattu 68 kertaa
  • Keskiarvotulos 126 / 194
Vastaustilastot
Vastaus % Oikein
sika
98%
jo
92%
joulu
92%
se
92%
on
90%
joulun
88%
88%
ja
83%
lalllaallaaa
83%
trallallaa
83%
sen
79%
silloin
79%
suussa
79%
tähti
79%
alkaa
77%
kun
77%
saa
77%
toukokuussa
77%
herkut
75%
lapset
75%
laulaa
75%
marraskuu
75%
koittaa
73%
lihoo
73%
ehdoton
71%
kasvaa
71%
maistetaan
71%
teurastaa
71%
vahvistuu
71%
juo
69%
setä
69%
sitten
69%
syö
69%
tuo
69%
isi
67%
Joulunviettomme
67%
kalloon
67%
niin
67%
paistetaan
67%
verta
67%
joulumielen
65%
kuulan
65%
sialla
63%
kinkkua
60%
sitä
60%
loppuu
58%
perää
58%
vatsoin
58%
en
56%
katsoin
56%
kohta
56%
himoiten
54%
karjua
54%
kuolataan
54%
läävässä
54%
vahtaan
54%
vyö
54%
ihminen
52%
jouluna
52%
kärsivin
52%
muista
52%
sinappihuntu
52%
suolataan
52%
tietenkin
52%
vellovin
52%
voi
52%
52%
isiltä
50%
lojuvaa
50%
Minä
50%
sikaa
50%
votkaa
50%
yllä
50%
duunissa
48%
hän
48%
ilmein
48%
kuinka
48%
läskiä
48%
mitä
48%
mutsi
48%
porsailla
46%
kyllä
44%
potkaa
44%
vain
44%
vesi
44%
kielellään
42%
läävässään
42%
rypee
42%
äiti
40%
kystä
40%
laittanut
40%
sähköuunissa
40%
yhdessä
40%
aatto
38%
adventti
38%
kyntää
38%
mielellään
38%
niskaa
38%
sohjoa
38%
isoveli
35%
ryntää
35%
terottaa
35%
veistänsä
35%
kadulla
33%
erottaa
31%
luistansa
31%
porsaan
31%
sokkona
31%
tappoi
31%
ympäristö
31%
kylkeä
29%
täynnä
29%
Kato
27%
lopulta
27%
trallaallaalla
27%
kääntää
25%
pään
25%
joku
23%
Jouluruuhkassa
23%
katsoo
21%
vatsanhappoisen
21%
ihmistä
19%
trallallaa
15%
Ehtoja vastaavia visoja ei löytynyt
Tulosjakauma
Jokaisen tuloksen saaneiden osuus
Persentiili vastausten määrän mukaan
Tuloshistoriasi
Et ole pelannut tätä visaa